[Event "Tres Cantos op 10th"]
[Site "Tres Cantos"]
[Date "2018.06.22"]
[Round "2.51"]
[White "Paarup Pelaez, David"]
[Black "Cujba, Anca Claudia"]
[Result "0-1"]
[WhiteElo "1387"]
[BlackElo "1629"]
[PlyCount "70"]
[EventDate "2018.06.21"]
[EventType "swiss"]
[EventRounds "9"]
[EventCountry "ESP"]
[SourceTitle "EXT 2024"]
[Source "ChessBase"]
[SourceDate "2023.10.10"]
[SourceVersion "1"]
[SourceVersionDate "2023.10.10"]
[SourceQuality "1"]

1. e4 d5 2. Bd3 e5 3. Qh5 Nc6 4. Bb5 Qd6 5. Bxc6+ bxc6 6. Qe2 d4 7. d3 Nf6 8. Nd2 Be6 9. Ngf3 Be7 10. c4 0-0 11. a3 a5 12. Nf1 Rfe8 13. Bg5 Nd7 14. Qd2 f6 15. Bh4 Rab8 16. Rd1 Rb3 17. h3 Nc5 18. Qe2 Reb8 19. N1d2 Nxd3+ 20. Kf1 Nf4 21. Qe1 Rxb2 22. Rb1 Rxb1 23. Nxb1 Bxc4+ 24. Kg1 Bd3 25. Nfd2 c5 26. Kh2 c4 27. Qd1 c3 28. Qa4 cxd2 29. Nxd2 Qxa3 30. Qd7 Qd6 31. Qg4 a4 32. Qf3 a3 33. g3 Be2 34. Qxe2 Nxe2 35. Nc4 Qb4 0-1

[Event "Collado Villalba op-B 34th"]
[Site "Collado Villalba"]
[Date "2017.08.23"]
[Round "2"]
[White "Duenas Delgado, Maximiliano"]
[Black "Cujba, Anca Claudia"]
[Result "0-1"]
[WhiteElo "1377"]
[BlackElo "1664"]
[PlyCount "76"]
[EventDate "2017.08.22"]
[EventType "swiss"]
[EventRounds "9"]
[EventCountry "ESP"]
[SourceTitle "CBM 180 Extra"]
[Source "ChessBase"]
[SourceDate "2017.10.06"]
[SourceVersion "1"]
[SourceVersionDate "2017.10.06"]
[SourceQuality "1"]

1. d4 Nf6 2. Bf4 g6 3. e3 Bg7 4. Bd3 d6 5. Nf3 0-0 6. c3 Qe8 7. Nbd2 Nh5 8. Bg3 e5 9. dxe5 dxe5 10. e4 Nc6 11. Be2 Bd7 12. Nh4 Nf6 13. Nhf3 Rd8 14. Qc2 h6 15. h3 Nh5 16. Bh2 f5 17. g3 fxe4 18. Nxe4 Bxh3 19. Ng1 Bg2 20. Bf3 Bxf3 21. Nxf3 Rxf3 22. 0-0 b6 23. Rae1 Qe6 24. a3 Kh8 25. Nd2 Rfd3 26. Ne4 Nf6 27. Nxf6 Qxf6 28. g4 Qf3 29. Qe2 Qxe2 30. Rxe2 Rd2 31. Rxd2 Rxd2 32. Rb1 Na5 33. b4 Nc4 34. a4 Bf6 35. Bg3 Kg7 36. Kg2 Kf7 37. Kf3 Ke6 38. Ke4 Rxf2 0-1

[Event "Ferrol op 32th"]
[Site "Ferrol"]
[Date "2017.07.19"]
[Round "4"]
[White "Leira Paricio, Julio"]
[Black "Cujba, Anca Claudia"]
[Result "1-0"]
[WhiteElo "2039"]
[BlackElo "1745"]
[PlyCount "52"]
[EventDate "2017.07.16"]
[EventType "swiss"]
[EventRounds "9"]
[EventCountry "ESP"]
[SourceTitle "EXT 2024"]
[Source "ChessBase"]
[SourceDate "2023.10.10"]
[SourceVersion "1"]
[SourceVersionDate "2023.10.10"]
[SourceQuality "1"]

1. c4 Nf6 2. Nc3 g6 3. d4 Bg7 4. e4 d6 5. Nge2 0-0 6. Ng3 Nc6 7. d5 Ne5 8. f4 Ned7 9. Be2 Nc5 10. Be3 Nfd7 11. 0-0 e6 12. Qd2 a5 13. Rae1 a4 14. Bd1 b6 15. Bf3 Rb8 16. Qc2 Ba6 17. Nxa4 b5 18. Nxc5 Nxc5 19. b4 bxc4 20. bxc5 c3 21. Rf2 Rb2 22. Qa4 Bb5 23. Qa3 exd5 24. exd5 Bd3 25. Rxb2 cxb2 26. Qxd3 Qa8 1-0